Länder Asiens nach Bevölkerung (absteigende Reihenfolge) - Statistiken

Allgemein
  • Dieses Quiz wurde 20 mal gespielt
  • Das Durchschnittsergebnis liegt bei 42 aus 50
Antwortstatistiken
Hint Antwort % Korrekt
171.200.000 Bangladesch
100%
1.436.600.000 China
100%
1.417.200.000 Indien
100%
275.500.000 Indonesien
100%
235.800.000 Pakistan
100%
85.200.000 Türkei
100%
400.000 Brunei
94%
124.900.000 Japan
94%
1.300.000 Osttimor
94%
115.600.000 Philippinen
94%
144.300.000 Russland
94%
36.700.000 Saudi-Arabien
94%
66.800.000 Thailand
94%
99.400.000 Vietnam
94%
41.100.000 Afghanistan
88%
88.600.000 Iran
88%
19.200.000 Kasachstan
88%
2.700.000 Katar
88%
4.100.000 Kuwait
88%
32.700.000 Malaysia
88%
54.200.000 Myanmar
88%
51.600.000 Südkorea
88%
22.100.000 Syrien
88%
9.400.000 Vereinigte Arabische Emirate
88%
10.200.000 Aserbaidschan
82%
1.500.000 Bahrain
82%
44.500.000 Irak
82%
7.500.000 Laos
82%
600.000 Malediven
82%
3.400.000 Mongolei
82%
26.100.000 Nordkorea
82%
4.600.000 Oman
82%
5.500.000 Singapur
82%
6.400.000 Turkmenistan
82%
3.000.000 Armenien
76%
800.000 Bhutan
76%
3.700.000 Georgien
76%
9.500.000 Israel
76%
33.700.000 Jemen
76%
11.200.000 Jordanien
76%
16.800.000 Kambodscha
76%
6.800.000 Kirgistan
76%
5.500.000 Libanon
76%
30.900.000 Nepal
76%
22.400.000 Sri Lanka
76%
10.000.000 Tadschikistan
76%
23.200.000 Taiwan
76%
35.600.000 Usbekistan
76%
103.500.000 Ägypten
35%
1.300.000 Mauritius
0%
Keine übereinstimmenden Quizze gefunden
Verteilung der Resultate
Anzahl Personen mit jedem Resultat
Perzentil nach korrekt beantworteten Fragen
Ihre Resultats-Entwicklung
Sie haben dieses Quiz noch nicht gespielt